000 01288nam a2200325 a 4500
001 ebr10312738
003 CaPaEBR
006 m u
007 cr cn|||||||||
008 091007s2008 bccac s 000 0 eng d
010 _zc 2008900047
020 _z9781553653660
020 _z9781926685908
040 _aCaPaEBR
_cCaPaEBR
035 _a(OCoLC)503447686
050 1 4 _aHM1271
_b.A33 2008eb
100 0 _aAga Khan
_bIV,
_d1936-
245 1 0 _aWhere hope takes root
_h[electronic resource] :
_bdemocracy and pluralism in an interdependent world /
_cHis Highness the Aga Khan ; introduction by Adrienne Clarkson.
260 _aVancouver, B.C. :
_bDouglas & McIntyre,
_cc2008.
300 _a[153] p. :
_bill., ports. ;
_c20 cm.
533 _aElectronic reproduction.
_bPalo Alto, Calif. :
_cebrary,
_d2009.
_nAvailable via World Wide Web.
_nAccess may be limited to ebrary affiliated libraries.
650 0 _aDemocracy.
650 0 _aCultural pluralism.
650 0 _aCivil society.
655 7 _aElectronic books.
_2local
700 1 _aClarkson, Adrienne,
_d1939-
710 2 _aAga Khan Foundation Canada.
710 2 _aebrary, Inc.
856 4 0 _uhttp://site.ebrary.com/lib/rucke/Doc?id=10312738
_zAn electronic book accessible through the World Wide Web; click to view
999 _c163022
_d163022